| 000 | 00744nab a2200205 i 4500 | ||
|---|---|---|---|
| 001 | BPP | ||
| 003 | BPK | ||
| 005 | 20160108134240.0 | ||
| 008 | 140301s1989 pl f |000 0 pol | ||
| 040 | _cBPK | ||
| 080 | _a628.4 | ||
| 100 |
_aSZYMAŃSKI, Kazimierz. _d1970 - 1996. _bWyższa Szkoła Inżynierska w Koszalinie - Wydział Inżynierii Lądowej i Sanitarnej, _cZakład Biologii i Chemii Sanitarnej |
||
| 245 |
_aZjawiska adsorpcji na granicy faz, ciało stałe - odciek wysypiskowy / _cKazimierz Szymański. |
||
| 260 | _c1989. | ||
| 500 | _aDane z kartoteki bpp. | ||
| 650 | 0 | _aOdpady. | |
| 650 | 0 | _aSkładowiska odpadów. | |
| 773 |
_iW : _tKoszalińskie Studia i Materiały. - _g1989, nr 1/2, s. 167-176 |
||
| 942 |
_cART _2UKD |
||
| 999 |
_c5275 _d5275 |
||